Regenerácia iónovej kvapaliny používanej na separáciu azeotropickej zmesi terc-butylalkohol - voda diplomová práca

Saved in:
Bibliographic Details
Main Author: Šulgan, Branislav
Format: Book
Language:Slovak
Published: Bratislava STU FCHPT 2018
Online Access:View in OPAC
Tags: Add Tag
No Tags, Be the first to tag this record!

MARC

LEADER 00000nam a2200000 a 4500
005 20260127134236.0
008 180709 2018 xo a 001 0 slo d
035 |a vtls011765616 
039 9 |y 201807090853  |z mschk03 
040 |a STUSCHK1  |b slo  |c STUSCHK1  |e AACR2 
100 1 |a Šulgan, Branislav 
245 1 |a Regenerácia iónovej kvapaliny používanej na separáciu azeotropickej zmesi terc-butylalkohol - voda  |b diplomová práca  |c Branislav Šulgan 
260 |a Bratislava  |b STU FCHPT  |c 2018 
300 |a 74 s.  |b il.  |c 25 cm 
500 |a Študijný program: chemické inžinierstvo 
500 |a Študijný odbor: chemické inžinierstvo 
500 |a Školiace pracovisko: Ústav chemického a environmentálneho inžinierstva 
500 |a Evid. číslo: FCHPT-5433-64049 
910 |a SCHK95 
999 |c 7640  |d 7640